| 000 | 00571nam a2200133Ia 4500 | ||
|---|---|---|---|
| 005 | 20260209120153.0 | ||
| 008 | 260209s9999||||xx |||||||||||||| ||und|| | ||
| 100 | _aYash Vikram Singh | ||
| 245 | 0 | _aRegulating targeted advertising : the challenge of undefined anonymization standards in India's DPDP act in comparison to gdpr and pdpa | |
| 260 |
_aBangaloreBangalore _bNLSIU, Bangalore _c2024 - 2025 |
||
| 300 | _a45 p. ; 25 cm. | ||
| 700 | _aDr. Arul George Scaria - SupervisorDr. Arul George Scaria - Supervisor | ||
| 856 | _uhttps://dans.nls.ac.in/handle/123456789/2509 | ||
| 999 |
_c217801 _d217801 |
||